DirectX 3D Graphics Programming Bible (E-Book) (Record no. 191452)

000 -LEADER
fixed length control field 00367 a2200133 4500
003 - CONTROL NUMBER IDENTIFIER
control field Nust
005 - DATE AND TIME OF LATEST TRANSACTION
control field 20170207154016.0
040 ## - CATALOGING SOURCE
Transcribing agency Nust
100 ## - MAIN ENTRY--PERSONAL NAME
Personal name Julio Sanchez Maria P. Canton
245 ## - TITLE STATEMENT
Title DirectX 3D Graphics Programming Bible (E-Book)
Statement of responsibility, etc. Julio Sanchez Maria P. Canton
260 ## - PUBLICATION, DISTRIBUTION, ETC.
Name of publisher, distributor, etc. An International Data Group Company
Date of publication, distribution, etc. © 2000
300 ## - PHYSICAL DESCRIPTION
Extent 847 P;
651 ## - SUBJECT ADDED ENTRY--GEOGRAPHIC NAME
Geographic name (E-Book)
942 ## - ADDED ENTRY ELEMENTS (KOHA)
Source of classification or shelving scheme
Koha item type Book
Holdings
Withdrawn status Lost status Source of classification or shelving scheme Damaged status Not for loan Collection code Permanent Location Current Location Date acquired Total Checkouts Barcode Date last seen Price effective from Koha item type
            Military College of Signals (MCS) Military College of Signals (MCS) 12/12/2016   MCSEB-375 12/08/2016 12/12/2016 Book
            Military College of Signals (MCS) Military College of Signals (MCS) 12/12/2016   MCSEB-380 12/08/2016 12/12/2016 Book
            Military College of Signals (MCS) Military College of Signals (MCS) 12/12/2016   MCSEB-385 12/08/2016 12/12/2016 Book
© 2023 Central Library, National University of Sciences and Technology. All Rights Reserved.